THEORY AND APPLICATIONS OF NUMERICAL ANALYSIS By:G.M. PHILLIPS (Record no. 930)

MARC details
000 -LEADER
Fixed length control field 00545nam a2200205 4500
003 - CONTROL NUMBER IDENTIFIER
Control field SEACOMEC
005 - DATE AND TIME OF LATEST TRANSACTION
Control field 20240424153305.0
008 - FIXED-LENGTH DATA ELEMENTS--GENERAL INFORMATION
Fixed length control field 240424b |||||||| |||| 00| 0 eng d
020 ## - INTERNATIONAL STANDARD BOOK NUMBER / ISBN
International Standard Book Number 9780125535601
040 ## - CATALOGING SOURCE
Original cataloging agency SEACOMEC
082 ## - DEWEY DECIMAL CLASSIFICATION NUMBER
Classification number 519.4
Book Number P562
100 ## - MAIN ENTRY--PERSONAL NAME
Personal name PHILLIPS, G.M.
245 ## - TITLE STATEMENT
Title THEORY AND APPLICATIONS OF NUMERICAL ANALYSIS By:G.M. PHILLIPS
Statement of responsibility G.M. PHILLIPS and P.J. TAYLOR
250 ## - EDITION STATEMENT
Edition statement 2nd ed
260 ## - IMPRINT
Place of publication New Delhi
Name of publisher Elsevier
Date of publication 2006
300 ## - PHYSICAL DESCRIPTION
Page / Vol. No 447p
650 ## - SUBJECT ADDED ENTRY--TOPICAL TERM
Topical term MATHEMATICS
700 ## - ADDED ENTRY--PERSONAL NAME
Personal name TAYLOR, P.J.
942 ## - ADDED ENTRY ELEMENTS (KOHA)
Koha item type Books
Holdings
Withdrawn status Lost status Source of classification Damaged status Not for loan Home library Current library Date acquired Total Checkouts Call number Accession number Date last seen Price effective from Koha item type
    Dewey Decimal Classification     SEACOM ENGINEERING COLLEGE SEACOM ENGINEERING COLLEGE 24/04/2024   519.4 P562 5191 24/04/2024 24/04/2024 Books
© Seacom Engineering College, All rights reserved.      Powered by Koha